| 000 | 01198nam a2200205 i 4500 | ||
|---|---|---|---|
| 001 | 164265 | ||
| 003 | ES-MaACL | ||
| 005 | 20230906212914.0 | ||
| 008 | 981002s1871 sp |||| | spa d | ||
| 040 |
_aAS _bspa _cCCPB | 3D |
||
| 100 | 1 |
_aSáenz Díez, Manuel. _9101327 |
|
| 245 | 1 | 0 |
_aHistoria y Juicio Crítico de la diálisis considerada como procedimiento analítico _b: Memoria presentada a la Academia Médico-quirúrgica matritense, aspirando al premio ofrecido por el socio D. Félix Borrell ... / _c[Presentada por Manuel Saenz Diez]. |
| 260 |
_aMadrid : _b[s.n.], _c1871 ( _fImp. de José M. Ducozcal) |
||
| 300 |
_a139 p. ; _c21 cm. |
||
| 530 | _aDisponible en formato digital. | ||
| 650 | 4 |
_aDiálisis. _9160084 |
|
| 710 | 0 |
_aAcademia Médico-Quirúrgica Matritense. _91210 |
|
| 852 |
_aES-MaACL _jT-423-F-7 _z-- Enc. hol. _z-- Sello de Los Escolares Médicos, Madrid _z-- Dedic. ms. del autor a la biblioteca de Los Escolares Medicos _z-- Enc. en un vol. facticio _x-- Edic.: El pie de imp. consta: Madbid [sic] : [s.n.], 1871 (Imprenta de José M. Ducazcal) -- Autor firma el texto |
||
| 856 |
_uhttp://bdh-rd.bne.es/viewer.vm?id=0000048398&page=1 _zBiblioteca Digital Hispánica |
||
| 999 |
_c164265 _d164265 |
||